• 首页
  • 本馆介绍
  • 公告通知
  • 最新文献
  • 馆藏检索
  • 电子资源
  • 读者导购
  • 参考咨询
  • 我的图书馆
  • 登录
  • 详细信息显示
  • 放入我的书架
  • 预约/预借图书
  • 作者相关作品
  • 分类相关作品
  • 丛书相关作品
  • 出版社相关作品

书目信息

  • 表格格式
  • 工作单格式
  • 卡片格式
题名:
唐山师范学院学生手册
    
 
作者: 本院 编
分册:  
出版信息:    2005
页数: 164页
开本: 20cm
丛书名:
单 册:
中图分类: G455
科图分类:
主题词: 教师 , 学生
电子资源:
ISBN:
000 00474nam0 2200181 450
001 0638100999
005 20060928103616.64
100    @a20060928d2005 km y0chiy0120 ea
101 0  @achi
200 1  @a唐山师范学院学生手册@Atang shan shi fan xue yuan xue sheng shou ce@f本院编@Fben yuan bian
210    @d2005
215    @a164页@d20cm
606 0  @a教师
606 0  @a学生
690    @aG455@v3
701  0 @a本院@Aben yuan@4编
801  0 @aCN@bPFT@c20060928
905    @a10447@dG455@e28
    
    唐山师范学院学生手册/本院编.-2005
    164页;20cm
    
    
    ISBN :
    
●
相关链接 在E读中查询图书 在五车中查询图书 在当当中查询图书 在豆瓣中查询图书


正题名:唐山师范学院学生手册     索取号:G455/28         预约/预借

序号 登录号 条形码 馆藏地/架位号 状态 备注
1 0493158   204931583   密集书库/ [索取号:G455/28] 在馆    
2 0493159   204931592   密集书库/ [索取号:G455/28] 在馆    
3 0493160   204931609   密集书库/ [索取号:G455/28] 在馆    
4 0493161   204931618   密集书库/ [索取号:G455/28] 在馆    
5 0493162   204931627   密集书库/ [索取号:G455/28] 在馆    
6 0493163   204931636   密集书库/ [索取号:G455/28] 在馆    
7 0493164   204931645   密集书库/ [索取号:G455/28] 在馆    
8 0493165   204931654   密集书库/ [索取号:G455/28] 在馆    
9 0493166   204931663   密集书库/ [索取号:G455/28] 在馆    
10 0493167   204931672   密集书库/ [索取号:G455/28] 在馆    
11 0493168   204931681   密集书库/ [索取号:G455/28] 在馆    
12 0493169   204931690   密集书库/ [索取号:G455/28] 在馆    
13 0493170   204931707   密集书库/ [索取号:G455/28] 在馆    
14 0493171   204931716   密集书库/ [索取号:G455/28] 在馆    
15 0493172   204931725   密集书库/ [索取号:G455/28] 在馆    
16 0493173   204931734   密集书库/ [索取号:G455/28] 在馆    
17 0493174   204931743   密集书库/ [索取号:G455/28] 在馆    
18 0493175   204931752   密集书库/ [索取号:G455/28] 在馆    
19 0493176   204931761   密集书库/ [索取号:G455/28] 在馆    
20 0493177   204931770   密集书库/ [索取号:G455/28] 在馆    
21 0493178   204931789   密集书库/ [索取号:G455/28] 在馆    
22 0493179   204931798   密集书库/ [索取号:G455/28] 在馆    
23 0493180   204931805   密集书库/ [索取号:G455/28] 在馆    
唐山师范学院图书馆 欢迎您!
大连网信软件有限公司© 版权所有